000 00479nam a2200169Ia 4500
003 IN-BaIIA
008 211028s9999 xx 000 0 eng d
040 _cIIA Library
080 _a658.31
_bEAS
110 _aIndia. Eastern Law Agency
_98321
245 0 _aCentral sales tax act 1956
_cEastern Law Agency
260 _aAllahabad
_bColonelganj Law Publishers
_c1975
300 _a40p.
650 _aCentral Government Rules
_97081
650 _aOthers Thesaurus
_9637
942 _cBK
999 _c4696
_d4696